书目信息 |
| 题名: |
幼儿园主题式科学探究课程
|
|
| 作者: | 王凤新 主编 | |
| 分册: | ||
| 出版信息: | 北京 中国农业出版社 2020.06 |
|
| 页数: | 163页 | |
| 开本: | 29cm | |
| 丛书名: | ||
| 单 册: | ||
| 中图分类: | G613.3 | |
| 科图分类: | ||
| 主题词: | 幼儿园--常识课--教学研究 | |
| 电子资源: | ||
| ISBN: | 978-7-109-26547-9 | |
| 000 | 00961nam0 2200253 450 | |
| 001 | 0103152645 | |
| 005 | 20201103152730.0 | |
| 010 | @a978-7-109-26547-9@dCNY58.00 | |
| 100 | @a20200911d2020 em y0chiy50 ea | |
| 101 | 0 | @achi |
| 102 | @aCN@b110000 | |
| 105 | @aa z 000yy | |
| 106 | @ar | |
| 200 | 1 | @a幼儿园主题式科学探究课程@Ayou er yuan zhu ti shi ke xue tan jiu ke cheng@f王凤新主编 |
| 210 | @a北京@c中国农业出版社@d2020.06 | |
| 215 | @a163页@c图,照片@d29cm | |
| 300 | @a北京市教育科学“十三五”规划2016年度单位资助校本研究专项课题成果 | |
| 306 | @a题名页出版者题:中国农业出版社,农村读物出版社 | |
| 330 | @a本书以幼儿园主题式科学探究课程为主要特色,按照课程建构的基本思路、课程实施的有效策略及幼儿参与课程的有效实践为读者呈现了园所开展课题研究的丰硕成果。 | |
| 606 | 0 | @a幼儿园@x常识课@x教学研究 |
| 690 | @aG613.3@v5 | |
| 701 | 0 | @a王凤新@Awang feng xin@f(1975- )@4主编 |
| 801 | 0 | @aCN@bBJSZM@c20201103 |
| 905 | @b1255731-5@dG613.3@e1043@f5 | |
| 幼儿园主题式科学探究课程/王凤新主编.-北京:中国农业出版社,2020.06 |
| 163页:图,照片;29cm |
| 北京市教育科学“十三五”规划2016年度单位资助校本研究专项课题成果 |
| ISBN 978-7-109-26547-9:CNY58.00 |
| 本书以幼儿园主题式科学探究课程为主要特色,按照课程建构的基本思路、课程实施的有效策略及幼儿参与课程的有效实践为读者呈现了园所开展课题研究的丰硕成果。 |
| ● |
| 相关链接 |
|
|
|
|
正题名:幼儿园主题式科学探究课程
索取号:G613.3/1043
 
预约/预借
| 序号 | 登录号 | 条形码 | 馆藏地/架位号 | 状态 | 备注 |
| 1 | 1255731 | 212557311 | 第一样本阅览室/ [索取号:G613.3/1043] | 在馆 | |
| 2 | 1255732 | 212557320 | 教育系资料室/ [索取号:G613.3/1043] | 在馆 | |
| 3 | 1255733 | 212557339 | 教育系资料室/ [索取号:G613.3/1043] | 在馆 | |
| 4 | 1255734 | 212557348 | 第四借阅区/ [索取号:G613.3/1043] | 在馆 | |
| 5 | 1255735 | 212557357 | 第四借阅区/ [索取号:G613.3/1043] | 在馆 |